000 00268nam a22001217a 4500
008 180912b xxu||||| |||| 00| 0 eng d
041 _aeng
080 _a510
100 _a37
101 _aMAT
245 _aIntrodution Real Analysis
_cSchramm.M.J
942 _2udc
_cBK
999 _c47689
_d47689